مكتبة جامعة عجلون الوطنية

فهرس بحث المكتبة

Normal view MARC view
  • الخدمات المصرفية - تدريب موظفين

Entry Topical Term

Number of records used in: 1

001 - CONTROL NUMBER

  • control field: 58792

003 - CONTROL NUMBER IDENTIFIER

  • control field: JO-AjAnu

005 - DATE AND TIME OF LATEST TRANSACTION

  • control field: 20230606083623.0

008 - FIXED-LENGTH DATA ELEMENTS

  • fixed length control field: 230606|| aca||aabn | a|a d

040 ## - CATALOGING SOURCE

  • Original cataloging agency: JO-AjAnu
  • Transcribing agency: JO-AjAnu

150 ## - HEADING--TOPICAL TERM

  • Topical term or geographic name entry element: الخدمات المصرفية - تدريب موظفين

670 ## - SOURCE DATA FOUND

  • Source citation: Work cat.: (JO-AjAnu)29989: اعداد الصمادي، حسام احمد؛ اشراف محمود سليم عبد الرحمن الشويات, author 58791, دور التدريب الشرعي للموظفين في تحسبن جودة خدمات العملاء في البنوك الاسلامية الاردنية = The Role of Sharia Ttaining for Employees to Improve the Quality of Customer ServicesJordanian Islamic Banks